Odliv kapitálu z Číny bakalárska práca

Enregistré dans:
Détails bibliographiques
Auteur principal: Kapitančik, Kristián
Collectivité auteur: Národohospodárska fakulta EU. Katedra bankovníctva a medzinárodných financií
Autres auteurs: Zeman, Mário, 1993-
Format: Livre
Langue:slovaque
Publié: Bratislava 2022
Tags: Ajouter un tag
Pas de tags, Soyez le premier à ajouter un tag!

MARC

LEADER 00000nbm a2200000 4500
001 0285014
005 20221006133520.2
041 0 |a slo 
044 |a SK 
245 1 0 |a Odliv kapitálu z Číny  |b bakalárska práca  |c Kristián Kapitančik ; školiteľ: Mário Zeman 
264 1 |a Bratislava  |c 2022 
300 |a 51 s. 
100 1 |a Kapitančik, Kristián 
700 1 |a Zeman, Mário, 1993- 
710 2 |a Národohospodárska fakulta EU. Katedra bankovníctva a medzinárodných financií